000
00281nam a22001097a 4500
008
160506b xxu||||| |||| 00| 0 eng d
020
_a
0721618731
041
_a
eng
080
_a
61
245
_a
Two centuries of american medice:
_c
James Bordley; A. Megehee Harvey;
942
_2
udc
_c
BK
999
_c
1847
_d
1847